Espoon naapurikunnat - Statistics

Yleistilastot
  • Tätä visaa on pelattu 86 kertaa
  • Keskiarvotulos 5 / 6
Vastaustilastot
Naapurikunnat % Oikein
Helsinki
100%
Vantaa
96%
Kirkkonummi
93%
Kauniainen
88%
Vihti
74%
Nurmijärvi
68%
Ehtoja vastaavia visoja ei löytynyt
Tulosjakauma
Jokaisen tuloksen saaneiden osuus
Persentiili vastausten määrän mukaan
Tuloshistoriasi
Et ole pelannut tätä visaa